000 00476nam a2200193Ia 4500
008 230125s9999 xx 000 0 und d
041 _aeng
082 _a658.001
_bPRA
100 _aPrasad L M
_9108140
245 _aPrinciples and practice of management
250 _a4th ed
260 _c1994
_bS. Chand & Company Ltd.
_aNew Delhi
300 _a730p
500 _aPPM
500 _aPPM
650 _aManagement
700 _aPrasad L M
_9108140
999 _c92407
_d92407